[Event "Krakow op-B 29th"]
[Site "Krakow"]
[Date "2018.12.31"]
[Round "6"]
[White "Alothman, Abdul Wahab"]
[Black "Kepowicz, Artur"]
[Result "0-1"]
[WhiteElo "1965"]
[BlackElo "1869"]
[PlyCount "98"]
[EventDate "2018.12.27"]
[EventType "swiss"]
[EventRounds "9"]
[EventCountry "POL"]
[SourceTitle "CBM 189 Extra"]
[Source "ChessBase"]
[SourceDate "2019.06.03"]
[SourceVersion "1"]
[SourceVersionDate "2019.06.03"]
[SourceQuality "1"]

1. d4 Nf6 2. Nf3 g6 3. c4 d5 4. cxd5 Bg7 5. g3 0-0 6. Bg2 Nxd5 7. 0-0 c6 8. Re1 Nd7 9. e4 Nc7 10. Nc3 e5 11. Bg5 f6 12. Qb3+ Kh8 13. Be3 exd4 14. Bxd4 Qe7 15. Rad1 Ne6 16. Be3 Re8 17. Qc2 Ne5 18. Re2 Nxf3+ 19. Bxf3 Ng5 20. Bxg5 fxg5 21. Red2 Rf8 22. Rd3 Be6 23. Bg2 Qc5 24. R1d2 g4 25. b3 Bh6 26. Nd1 Qxc2 27. Rxc2 Rad8 28. Nb2 Kg7 29. Kf1 Kf6 30. f4 gxf3 31. Bxf3 Ke7 32. Ke2 Bg7 33. Rxd8 Rxd8 34. Nd3 Bc8 35. h4 Bd4 36. Rd2 Bc3 37. Rc2 Ba5 38. Nf4 Rd6 39. Nd5+ Kd8 40. Ne3 Bc7 41. g4 Rd4 42. Rc1 Bf4 43. Rf1 Ke7 44. g5 b6 45. Bg4 Ba6+ 46. Nc4 Rxc4 47. Rxf4 Rxe4+ 48. Kf3 Rxf4+ 49. Kxf4 Kd6 0-1

[Event "Krakow op-B 29th"]
[Site "Krakow"]
[Date "2018.12.29"]
[Round "3"]
[White "Kepowicz, Artur"]
[Black "Alhejab, Meshal"]
[Result "1-0"]
[WhiteElo "1869"]
[BlackElo "1497"]
[PlyCount "125"]
[EventDate "2018.12.27"]
[EventType "swiss"]
[EventRounds "9"]
[EventCountry "POL"]
[SourceTitle "CBM 189 Extra"]
[Source "ChessBase"]
[SourceDate "2019.06.03"]
[SourceVersion "1"]
[SourceVersionDate "2019.06.03"]
[SourceQuality "1"]

1. d4 Nf6 2. Nf3 d5 3. c4 e6 4. Nc3 b6 5. Bg5 Be7 6. cxd5 Nxd5 7. Bxe7 Qxe7 8. e3 0-0 9. Be2 Nxc3 10. bxc3 Bb7 11. 0-0 Nd7 12. Nd2 e5 13. Bf3 e4 14. Be2 Kh8 15. Kh1 Nf6 16. c4 Rfe8 17. a4 a5 18. Rc1 Nd7 19. Qc2 Ba6 20. f3 exf3 21. Bxf3 Rab8 22. Bc6 Bb7 23. Bxb7 Rxb7 24. Rf3 Nf6 25. Rcf1 c5 26. d5 Kg8 27. Rh3 h6 28. Rg3 Ne4 29. Nxe4 Qxe4 30. Qb2 Qe5 31. Qb5 Qe7 32. Qc6 Kh8 33. Rgf3 f6 34. Rb1 Reb8 35. Rff1 Qc7 36. Qxc7 Rxc7 37. Rb3 Rd7 38. Rfb1 Rd6 39. Kg1 Kh7 40. Rb5 f5 41. Kf2 Kg6 42. Rxc5 Kf6 43. Rc7 g6 44. Ke2 Ke5 45. Kd3 g5 46. Rf1 Rf6 47. g3 Rh8 48. Rb1 Rb8 49. Rb5 Rd6 50. Rf7 Rg6 51. Rb1 Rf6 52. Rxf6 Kxf6 53. Kd4 Ke7 54. Ke5 Kd7 55. Kxf5 Kd6 56. e4 Kc5 57. Rb5+ Kxc4 58. d6 Rf8+ 59. Kg6 Rd8 60. e5 Re8 61. d7 Rd8 62. e6 h5 63. e7 1-0

[Event "Krakow op-B 29th"]
[Site "Krakow"]
[Date "2018.12.28"]
[Round "2"]
[White "Wnek, Filip"]
[Black "Kepowicz, Artur"]
[Result "0-1"]
[WhiteElo "1735"]
[BlackElo "1869"]
[PlyCount "62"]
[EventDate "2018.12.27"]
[EventType "swiss"]
[EventRounds "9"]
[EventCountry "POL"]
[SourceTitle "CBM 189 Extra"]
[Source "ChessBase"]
[SourceDate "2019.06.03"]
[SourceVersion "1"]
[SourceVersionDate "2019.06.03"]
[SourceQuality "1"]

1. e4 c5 2. Nf3 Nc6 3. d4 cxd4 4. Nxd4 Nf6 5. Nc3 d6 6. f3 e6 7. Bc4 Be7 8. Be3 h5 9. Qd2 a6 10. 0-0-0 Bd7 11. h3 h4 12. Bg5 Na5 13. Be2 Rc8 14. Rhe1 b5 15. Bd3 Nc4 16. Bxc4 Rxc4 17. e5 dxe5 18. Rxe5 b4 19. Nce2 Qc7 20. Bf4 Qc8 21. Bg5 Nd5 22. Nf5 f6 23. Rxd5 exd5 24. Nxe7 Kxe7 25. Bf4 Bf5 26. Nd4 Kf7 27. b3 Rxd4 28. Qe2 Rxd1+ 29. Qxd1 Qc6 30. Kb1 Rc8 31. g4 Bxc2+ 0-1

[Event "Krakow op-B 29th"]
[Site "Krakow"]
[Date "2018.12.27"]
[Round "1"]
[White "Kepowicz, Artur"]
[Black "Romashov, Anton"]
[Result "0-1"]
[WhiteElo "1869"]
[BlackElo "2076"]
[PlyCount "136"]
[EventDate "2018.12.27"]
[EventType "swiss"]
[EventRounds "9"]
[EventCountry "POL"]
[SourceTitle "CBM 189 Extra"]
[Source "ChessBase"]
[SourceDate "2019.06.03"]
[SourceVersion "1"]
[SourceVersionDate "2019.06.03"]
[SourceQuality "1"]

1. e4 c5 2. Nf3 g6 3. d4 cxd4 4. Nxd4 Bg7 5. Be3 Nf6 6. Nc3 Nc6 7. Be2 0-0 8. 0-0 d5 9. exd5 Nxd5 10. Nxd5 Qxd5 11. Bf3 Qc4 12. Nxc6 bxc6 13. c3 Be6 14. Be2 Qe4 15. Bf3 Qc4 16. Be2 Qh4 17. g3 Qh3 18. Bf3 Rfd8 19. Qe2 Bd5 20. Rfd1 Qf5 21. Bxd5 cxd5 22. Rd2 Rd7 23. Rad1 Rad8 24. Qb5 e5 25. Qd3 Qe6 26. f4 d4 27. cxd4 exd4 28. Bf2 Qxa2 29. h4 Qd5 30. Ra1 Rb7 31. Ra4 Rb3 32. Qc4 Qxc4 33. Rxc4 d3 34. Bxa7 Bxb2 35. Kf2 Bc3 36. Rd1 Rb2+ 37. Kf3 Rc2 38. Be3 f5 39. Rc5 Rd7 40. Rc8+ Kf7 41. Rc6 Ke8 42. Rc8+ Ke7 43. Rc6 Bb2 44. Ra6 d2 45. Ke2 Bc1 46. Ra7 Rxa7 47. Bxa7 Ke6 48. h5 Kd5 49. hxg6 hxg6 50. Rh1 Ra2 51. Rh7 Ra6 52. Bf2 Re6+ 53. Kd1 Ke4 54. Ke2 Ba3 55. Rd7 Bd6 56. Rb7 d1Q+ 57. Kxd1 Kf3 58. Be1 Bc5 59. Rb3+ Be3 60. Rd3 Re4 61. Bd2 Kf2 62. Be1+ Kf1 63. Bc3 Re6 64. Be5 Kf2 65. Kc2 Rc6+ 66. Kb2 Ke2 67. Rd8 Bf2 68. Kb3 Bxg3 0-1

[Event "Krakow Malopolski-chB"]
[Site "Krakow"]
[Date "2014.04.29"]
[Round "3"]
[White "Czarkowski, Tomasz"]
[Black "Kepowicz, Artur"]
[Result "0-1"]
[WhiteElo "1645"]
[BlackElo "1775"]
[PlyCount "92"]
[EventDate "2014.04.27"]
[EventType "swiss"]
[EventRounds "9"]
[EventCountry "POL"]
[SourceTitle "CBM 160 Extra"]
[Source "ChessBase"]
[SourceDate "2014.07.01"]
[SourceVersion "1"]
[SourceVersionDate "2014.07.01"]
[SourceQuality "1"]

1. d4 d5 2. c4 c6 3. e3 Nf6 4. Nc3 e6 5. Bd2 Bd6 6. Nf3 0-0 7. a3 Nbd7 8. Qc2 Re8 9. cxd5 exd5 10. Bd3 Nf8 11. 0-0 Bg4 12. Ne1 Qc7 13. h3 Bh5 14. f4 Re7 15. g4 Bxg4 16. hxg4 Nxg4 17. Rf3 Rae8 18. Ng2 Nf6 19. Nh4 g6 20. Rg3 Kh8 21. Kf2 Nh5 22. Rg4 Nf6 23. Rg2 Qd8 24. Rh1 Ne4+ 25. Nxe4 dxe4 26. Bc4 Bxf4 27. exf4 e3+ 28. Kf1 exd2 29. Qxd2 Re1+ 30. Qxe1 Rxe1+ 31. Kxe1 Qxd4 32. Bxf7 Qxf4 33. Bxg6 Qc1+ 34. Ke2 Qxh1 35. Bf7 Ng6 36. Bxg6 Qxh4 37. Bd3 Qd4 38. b3 Qb2+ 39. Kf3 Qxb3 40. Ke3 Qxa3 41. Rg4 c5 42. Ke4 Qa4+ 43. Kf3 Qa3 44. Ke4 Qc3 45. Ke3 b5 46. Rh4 Qe1+ 0-1